Los mexicanos pintados por sí mismos : reproducción facsimilar de la edición original de 1854, publicada por Imprenta de M. Murguía y Compañía en la Ciudad de México /

Gespeichert in:
Bibliographische Detailangaben
Weitere Verfasser: Frías y Soto, Hilarión (texto) (texto)
Format: Buch
Sprache:Spanisch
Veröffentlicht: México : Librería de Manuel Porrúa, 1974, c1974
Tags: Tag hinzufügen
Keine Tags, Fügen Sie das erste Tag hinzu!

MARC

LEADER 00000nam^a2200000^a^4500
001 000435226
005 20250526000000.0
009 20260310123126.797
037 |a Acervo ITESO - Biblioteca 
041 |a ESP 
091 |a FHM. 07519 
245 0 4 |a Los mexicanos pintados por sí mismos :  |b reproducción facsimilar de la edición original de 1854, publicada por Imprenta de M. Murguía y Compañía en la Ciudad de México / 
264 4 |a México :  |b Librería de Manuel Porrúa,  |c 1974, c1974 
300 |a 290 p. ;  |c 23.5 cm. 
336 |a texto  |b txt  |2 rdacontenido 
337 |a sin mediación  |b n  |2 rdamedio 
338 |a volumen  |b nc  |2 rdasoporte 
649 |a XX 
700 |a Frías y Soto, Hilarión  |e (texto) 
910 |a Fondo Hugo B. Margáin 
920 |a Impresos - Libros 
930 |a Libros Antiguos y Raros 
905 |a 126 
901 |a 0500307413  |b IT2  |c LRA  |i D110484  |u 20250526 
902 |a https://opac.biblio.iteso.mx/vufind/Record/000435226